<?xml version="1.0" encoding="UTF-8"?>
<record
    xmlns:xsi="http://www.w3.org/2001/XMLSchema-instance"
    xsi:schemaLocation="http://www.loc.gov/MARC21/slim http://www.loc.gov/standards/marcxml/schema/MARC21slim.xsd"
    xmlns="http://www.loc.gov/MARC21/slim">

  <leader>00804nam a22002057a 4500</leader>
  <controlfield tag="008">110911t1987    xxu||||g |||| 00| 0 ara d</controlfield>
  <datafield tag="082" ind1=" " ind2=" ">
    <subfield code="2">22</subfield>
    <subfield code="a">507</subfield>
    <subfield code="b">&#x628; &#x627; &#x649; </subfield>
  </datafield>
  <datafield tag="100" ind1=" " ind2=" ">
    <subfield code="9">27093</subfield>
    <subfield code="a">&#x628;&#x627;&#x64A;&#x632;&#x60C;&#x623;&#x644;&#x628;&#x631;&#x62A;</subfield>
  </datafield>
  <datafield tag="245" ind1=" " ind2=" ">
    <subfield code="a">&#x627;&#x644;&#x62A;&#x62C;&#x62F;&#x64A;&#x62F; &#x641;&#x649; &#x62A;&#x639;&#x644;&#x64A;&#x645; &#x627;&#x644;&#x639;&#x644;&#x648;&#x645; /</subfield>
    <subfield code="c">&#x623;&#x644;&#x628;&#x631;&#x62A; &#x628;&#x627;&#x64A;&#x632;&#x61B;&#x62A;&#x631;&#x62C;&#x645;&#x629; &#x62C;&#x648;&#x627;&#x62F; &#x646;&#x638;&#x627;&#x645; </subfield>
  </datafield>
  <datafield tag="260" ind1=" " ind2=" ">
    <subfield code="a">&#x628;&#x64A;&#x631;&#x648;&#x62A;:</subfield>
    <subfield code="b">&#x645;&#x639;&#x647;&#x62F; &#x627;&#x644;&#x627;&#x646;&#x645;&#x627;&#x621; &#x627;&#x644;&#x639;&#x631;&#x628;&#x649; &#x60C;1987.</subfield>
    <subfield code="c">1987.</subfield>
  </datafield>
  <datafield tag="300" ind1=" " ind2=" ">
    <subfield code="a">299&#x635;&#x60C;</subfield>
    <subfield code="c">24&#x633;&#x645;.</subfield>
  </datafield>
  <datafield tag="490" ind1=" " ind2=" ">
    <subfield code="9">27095</subfield>
    <subfield code="a">&#x60C;&#x633;&#x644;&#x633;&#x644;&#x629; &#x627;&#x644;&#x643;&#x62A;&#x628; &#x627;&#x644;&#x639;&#x644;&#x645;&#x64A;&#x629;</subfield>
    <subfield code="n">5</subfield>
  </datafield>
  <datafield tag="650" ind1=" " ind2=" ">
    <subfield code="9">8629</subfield>
    <subfield code="a">&#x627;&#x644;&#x639;&#x644;&#x648;&#x645; - &#x62A;&#x639;&#x644;&#x64A;&#x645; &#x648;&#x62A;&#x62F;&#x631;&#x64A;&#x633;.</subfield>
  </datafield>
  <datafield tag="653" ind1=" " ind2=" ">
    <subfield code="b">General</subfield>
    <subfield code="c">September2011</subfield>
  </datafield>
  <datafield tag="700" ind1=" " ind2=" ">
    <subfield code="9">27096</subfield>
    <subfield code="a">&#x646;&#x638;&#x627;&#x645; &#x60C;&#x62C;&#x648;&#x627;&#x62F;</subfield>
    <subfield code="c">&#x645;&#x62A;&#x631;&#x62C;&#x645;</subfield>
  </datafield>
  <datafield tag="942" ind1=" " ind2=" ">
    <subfield code="2">ddc</subfield>
    <subfield code="c">BB</subfield>
    <subfield code="h">RDA-MOD</subfield>
  </datafield>
  <datafield tag="999" ind1=" " ind2=" ">
    <subfield code="c">15984</subfield>
    <subfield code="d">15984</subfield>
  </datafield>
  <datafield tag="336" ind1=" " ind2=" ">
    <subfield code="2">rdacontent</subfield>
    <subfield code="a">&#x646;&#x635;</subfield>
    <subfield code="b">txt</subfield>
  </datafield>
  <datafield tag="337" ind1=" " ind2=" ">
    <subfield code="a">&#x628;&#x62F;&#x648;&#x646; &#x648;&#x633;&#x64A;&#x637;</subfield>
    <subfield code="2">rdamedia</subfield>
    <subfield code="b">n</subfield>
  </datafield>
  <datafield tag="338" ind1=" " ind2=" ">
    <subfield code="a">&#x645;&#x62C;&#x644;&#x62F;</subfield>
    <subfield code="b">nc</subfield>
    <subfield code="2">rdacarrier</subfield>
  </datafield>
  <datafield tag="952" ind1=" " ind2=" ">
    <subfield code="0">0</subfield>
    <subfield code="1">0</subfield>
    <subfield code="2">ddc</subfield>
    <subfield code="4">0</subfield>
    <subfield code="7">0</subfield>
    <subfield code="8"> </subfield>
    <subfield code="a">MAIN</subfield>
    <subfield code="b">MAIN</subfield>
    <subfield code="c">1ST</subfield>
    <subfield code="d">2011-09-11</subfield>
    <subfield code="e">Purchase</subfield>
    <subfield code="o">507 &#x628; &#x627; &#x649;</subfield>
    <subfield code="p">000024382</subfield>
    <subfield code="r">2025-07-15 00:00:00</subfield>
    <subfield code="y">BB</subfield>
  </datafield>
</record>
